| 000 | 003530000a22001570004500 | ||
|---|---|---|---|
| 001 | 001551 | ||
| 003 | MACL | ||
| 040 | _aMACL | ||
| 090 |
_c13544 _d13543 |
||
| 100 | _aAnand, Rohit | ||
| 245 |
_aNetwork Security _cRohit Anand |
||
| 260 |
_aInternational Scientific Publishing Academy, _c2005 |
||
| 350 | _a695 | ||
| 650 | _aComputers | ||
| 942 |
_k5 _cBook |
||
| 999 |
_c13471 _d13471 |
||